Capital social : (Registro nro. 8629)

Detalles MARC
000 -LEADER
fixed length control field 01756nam a2200241Ia 4500
003 - CONTROL NUMBER IDENTIFIER
control field OSt
005 - DATE AND TIME OF LATEST TRANSACTION
control field 20211026125229.0
008 - FIXED-LENGTH DATA ELEMENTS--GENERAL INFORMATION
fixed length control field 210310s2003 ve ad fr 000 0dspa d
040 ## - CATALOGING SOURCE
Original cataloging agency CO-JMCR
Transcribing agency CO-JMCR
041 0# - LANGUAGE CODE
Language code of text/sound track or separate title spa
082 04 - DEWEY DECIMAL CLASSIFICATION NUMBER
Classification number 361.25 /
Item number J371c
Edition number 23
100 1# - MAIN ENTRY--PERSONAL NAME
Personal name Jaramillo B., Fidel,
9 (RLIN) 17055
Relator term editor
245 10 - TITLE STATEMENT
Title Capital social :
Remainder of title clave para una agenda integral de desarrollo /
Statement of responsibility, etc. Fidel Jaramillo B., María Teresa Szauter
260 ## - PUBLICATION, DISTRIBUTION, ETC.
Place of publication, distribution, etc. Caracas :
Name of publisher, distributor, etc. Corporación Andina de Fomento,
Date of publication, distribution, etc. 2003
300 ## - PHYSICAL DESCRIPTION
Extent 231 páginas :
Other physical details ilustraciones y gráficas a blanco y negro ;
Dimensions 23 cm.
500 ## - GENERAL NOTE
General note Incluye notas a pie de página y datos biográficos de los autores.
504 ## - BIBLIOGRAPHY, ETC. NOTE
Bibliography, etc. note Bibliografía al final de cada capítulo.
505 0# - FORMATTED CONTENTS NOTE
Title El desafío de construir capital social en América Latina /
Statement of responsibility Fidel Jaramillo B.
Title Articulador del desarrollo sostenible /
Statement of responsibility María Teresa Szauer y María Silvia Castillo
Title Educación, desarrollo y construcción de la solidaridad. Capital humano y capital social en la Región Andina /
Statement of responsibility Francisco Cajiao y Wendy Arenas
Title Capital social y cultura. Claves olvidadas del desarrollo /
Statement of responsibility Bernardo Kliksberg
Title Capital social y competitividad /
Statement of responsibility Celia Cornejo
Title Capital social y empresa /
Statement of responsibility Luis Chang Chang Fun
Title El paradigma del capital social y las organizaciones /
Statement of responsibility Lindon J. Robinson y Marcelo E. Siles
Title Capital social y ética aplicada en proyectos de desarrollo /
Statement of responsibility Irene Novakovsky
Title Mecanismos de generación de capital social en programas gubernamentales de desarrollo en Venezuela /
Statement of responsibility Norma Madrid de Pieters
650 14 - SUBJECT ADDED ENTRY--TOPICAL TERM
Topical term or geographic name entry element Capital social
9 (RLIN) 17828
Geographic subdivision América Latina
650 24 - SUBJECT ADDED ENTRY--TOPICAL TERM
Topical term or geographic name entry element Desarrollo social
General subdivision Aspectos sociales
Geographic subdivision América Latina
9 (RLIN) 41297
700 1# - ADDED ENTRY--PERSONAL NAME
Personal name Szauter, María Teresa,
Relator term editor
9 (RLIN) 41298
942 ## - ADDED ENTRY ELEMENTS (KOHA)
Source of classification or shelving scheme Dewey Decimal Classification
Koha item type Books
Existencias
Withdrawn status Lost status Source of classification or shelving scheme Damaged status Not for loan Collection code Home library Current library Date acquired Source of acquisition Full call number Barcode Date last seen Copy number Koha item type
    Dewey Decimal Classification     Non-fiction Biblioteca Pública José María del Castillo y Rada Biblioteca Pública José María del Castillo y Rada 04/15/2018 Donación 361.25 / J371c 430005107 05/16/2024 Ej.1 Books